Normal view
MARC view
Entry Personal Name
001 - CONTROL NUMBER
- control field: 51092
003 - CONTROL NUMBER IDENTIFIER
- control field: ARRUPE
005 - DATE AND TIME OF LATEST TRANSACTION
- control field: 20220401073915.0
008 - FIXED-LENGTH DATA ELEMENTS
- fixed length control field: 220401|| aca||aabn | a|a d
040 ## - CATALOGING SOURCE
- Original cataloging agency: ARRUPE
- Transcribing agency: ARRUPE
100 ## - HEADING--PERSONAL NAME
- Personal name: Eaton, Jenny
670 ## - SOURCE DATA FOUND
- Source citation: Work cat.: (ARRUPE)131179: The awake project :, c2002.